Affective Communities : (Record no. 64305)

MARC details
000 -LEADER
fixed length control field 00780nam a22002177a 4500
005 - DATE AND TIME OF LATEST TRANSACTION
control field 20180728132550.0
010 ## - LCCN (DPL NO)
LC control number B-447235-241
020 ## - INTERNATIONAL STANDARD BOOK NUMBER
International Standard Book Number 8178241641
Terms of availability 495.00
020 ## - INTERNATIONAL STANDARD BOOK NUMBER
International Standard Book Number 9788178241647
Terms of availability 495.00
035 ## - SYSTEM CONTROL NUMBER
System control number B-447235-241, B-227202
037 ## - SOURCE OF ACQUISITION
Stock number dpl
Source of stock number/acquisition K.K.Pub/Ven
082 ## - DEWEY DECIMAL CLASSIFICATION NUMBER
Classification number 320.530942
100 ## - MAIN ENTRY--PERSONAL NAME
Personal name Gandhi, Leela
245 ## - TITLE STATEMENT
Title Affective Communities :
Statement of responsibility, etc by Leela Gandhi
Remainder of title Anticolonial thought and the politics of friendship /
260 ## - PUBLICATION, DISTRIBUTION, ETC. (IMPRINT)
Place of publication, distribution, etc Delhi
Name of publisher, distributor, etc Permanent Black
Date of publication, distribution, etc 2006
270 ## - ADDRESS
Address D-28 Oxford Apartmeents,11,I.P.Extension
City Delhi
Postal code 110092
300 ## - PHYSICAL DESCRIPTION
Extent 254p.
Dimensions 22cm(Hb)
500 ## - GENERAL NOTE
General note Includes index
942 ## - ADDED ENTRY ELEMENTS (KOHA)
Source of classification or shelving scheme Dewey Decimal Classification
Item type English Books
Call number suffix GAN
Classification part 320.530942
Holdings
Withdrawn status Lost status Not for loan Collection code Home library Current library Date acquired Source of acquisition Cost, normal purchase price Full call number Barcode Copy number Cost, replacement price Koha item type
      Non-fiction Central Library Central Library 02/04/2012 K.K.Pub/1318/23.09.2011/03/23.09.2011/09.11.2011 495.00 320.530942 GAN B-447235 1 495.00 English Books
      Non-fiction Janak Puri Janak Puri 02/04/2012 K.K.Pub/1318/23.09.2011/03/23.09.2011/09.11.2011 495.00 320.530942 GAN B-447237 1 495.00 English Books
      Non-fiction Karol Bagh Karol Bagh 02/04/2012 K.K.Pub/1318/23.09.2011/03/23.09.2011/09.11.2011 495.00 320.530942 GAN B-447240 1 495.00 English Books
      Non-fiction Patel Nagar Patel Nagar 02/04/2012 K.K.Pub/1318/23.09.2011/03/23.09.2011/09.11.2011 495.00 320.530942 GAN B-447236 1 495.00 English Books
      Non-fiction Patel Nagar Patel Nagar 28/07/2018 BPPD/PUB 495.00 320.530942 GAN B-227202   495.00 English Books
      Non-fiction Sarojini Nagar Sarojini Nagar 02/04/2012 K.K.Pub/1318/23.09.2011/03/23.09.2011/09.11.2011 495.00 320.530942 GAN B-447238 1 495.00 English Books
      Non-fiction Sarojini Nagar Sarojini Nagar 25/04/2012   495.00 320.530942 GAN B-227203   495.00 English Books
      Non-fiction Shahdara Branch Shahdara Branch 02/04/2012 K.K.Pub/1318/23.09.2011/03/23.09.2011/09.11.2011 495.00 320.530942 GAN B-447241 1 495.00 English Books
      Non-fiction Vinoba Puri Vinoba Puri 02/04/2012 K.K.Pub/1318/23.09.2011/03/23.09.2011/09.11.2011 495.00 320.530942 GAN B-447239 1 495.00 English Books

© Delhi Public Library
Hit Counter
free hit counter